000 00865 a2200217 4500
999 _c8364
_d8364
003 GBCCL
005 20241126110649.0
008 200212b ||||| |||| 00| 0 eng d
020 _a9788180699399
020 _a8180699390
040 _cgbc
082 _a305.5609541
_bHAN
100 _aHanjabam, Shukhdeba Sharma
_914603
245 _aSocial dynamics in contemporary North-East India :
_ba study of regional exclusion, self-determination movements, and ethnic violence /
_cby Shukhdeba Sharma Hanjabam; J J Roy Burman
260 _aNew Delhi :
_bConcept Pub. Co.,
_c2013.
300 _axiv, 164 pages : illustrations, maps ; 23 cm
650 _aMarginality, Social -- India, Northeastern.
_914604
650 _aSelf-determination, National -- India, Northeastern.
_914605
650 _aEthnic conflict -- India, Northeastern.
_914606
942 _2ddc
_cBK
_04